00366nam a2200145Ia 4500003000400000005001700004008004100021040000900062082002000071100001400091245003100105250001200136260006400148300000800212OSt20201209140315.0190216s9999||||xx |||||||||||||| ||und|| coclc a894.8124bUPE/A aUpendran  0aAham Brahmasmi /cUpendran a1st Ed. bThe Central Institute Of Indian Languages, c2010.aMysore: a85p